Introduction a l'analyse financiere de la croissace de la firme

Gespeichert in:
Bibliographische Detailangaben
1. Verfasser: Vatteville, Eric
Format: Buch
Sprache:Undetermined
Veröffentlicht: Paris Cujas 1972
Schlagworte:
Tags: Tag hinzufügen
Keine Tags, Fügen Sie den ersten Tag hinzu!
Thư viện lưu trữ: Trung tâm Học liệu Trường Đại học Cần Thơ
LEADER 00501nam a2200181Ia 4500
001 CTU_99238
008 210402s9999 xx 000 0 und d
082 |a 332.1 
082 |b V351 
100 |a Vatteville, Eric 
245 0 |a Introduction a l'analyse financiere de la croissace de la firme 
245 0 |c Eric Vatteville 
260 |a Paris 
260 |b Cujas 
260 |c 1972 
650 |a Banks and banking 
904 |i Truc, Q. Hieu 
980 |a Trung tâm Học liệu Trường Đại học Cần Thơ